<?xml version="1.0" encoding="UTF-8"?>
<record
    xmlns:xsi="http://www.w3.org/2001/XMLSchema-instance"
    xsi:schemaLocation="http://www.loc.gov/MARC21/slim http://www.loc.gov/standards/marcxml/schema/MARC21slim.xsd"
    xmlns="http://www.loc.gov/MARC21/slim">

  <leader>01765nam a22003017a 4500</leader>
  <controlfield tag="001">111344</controlfield>
  <controlfield tag="003">DR-UNIBE</controlfield>
  <controlfield tag="005">20250331092615.0</controlfield>
  <controlfield tag="008">230728b2022    dr ||||| |||| 00| 1 spa d</controlfield>
  <datafield tag="040" ind1=" " ind2=" ">
    <subfield code="a">BIBLIOTECA UNIBE</subfield>
    <subfield code="c">BIBLIOTECA UNIBE</subfield>
  </datafield>
  <datafield tag="041" ind1=" " ind2=" ">
    <subfield code="a">spa</subfield>
    <subfield code="h">spa</subfield>
  </datafield>
  <datafield tag="090" ind1=" " ind2=" ">
    <subfield code="a">FBIU-MTU CI P437evs</subfield>
  </datafield>
  <datafield tag="100" ind1="1" ind2="0">
    <subfield code="a">P&#xE9;rez Pag&#xE1;n, Mar&#xED;a Teresa,</subfield>
    <subfield code="d">1984-</subfield>
    <subfield code="e">autor</subfield>
    <subfield code="9">71380</subfield>
  </datafield>
  <datafield tag="245" ind1="1" ind2="0">
    <subfield code="a">Ernesto visita Santiago Rodr&#xED;guez y conoce la presa de Monci&#xF3;n /</subfield>
    <subfield code="c">Mar&#xED;a Teresa P&#xE9;rez Pag&#xE1;n ; ilustraci&#xF3;n: Pache (Francisco Mart&#xED;nez) ; revisi&#xF3;n: Agencia de los Estados Unidos para el Desarrollo internacional (USAID), Ministerio de Turismo, Ministerio de Medio Ambiente y Recursos Naturales (MIMARENA), Jos&#xE9; Manuel Mateo Feliz</subfield>
  </datafield>
  <datafield tag="260" ind1=" " ind2=" ">
    <subfield code="a">Santo Domingo : </subfield>
    <subfield code="b">Teacher Mar&#xED;a Teresa P&#xE9;rez, </subfield>
    <subfield code="c">2022</subfield>
  </datafield>
  <datafield tag="300" ind1=" " ind2=" ">
    <subfield code="a">28 p&#xE1;ginas : </subfield>
    <subfield code="b">ilustraciones, fotos ; </subfield>
    <subfield code="c">21 x 19 cm</subfield>
  </datafield>
  <datafield tag="500" ind1=" " ind2=" ">
    <subfield code="a">Primera saga de cuentos infantiles sobre ecoturismo de la Rep&#xFA;blica Dominicana y primer programa Ecotur&#xED;stico en el pa&#xED;s. Incluye glosario, biograf&#xED;a del autor, mapa de Rep&#xFA;blica Dominicana, material did&#xE1;ctico</subfield>
  </datafield>
  <datafield tag="653" ind1=" " ind2="7">
    <subfield code="a">Cuentos infantiles dominicanos </subfield>
  </datafield>
  <datafield tag="653" ind1=" " ind2="7">
    <subfield code="a"> Turismo ecol&#xF3;gico - Santiago Rodr&#xED;guez, Rep&#xFA;blica Dominicana - Cuentos infantiles dominicanos</subfield>
  </datafield>
  <datafield tag="653" ind1=" " ind2="7">
    <subfield code="a">Presa de Monci&#xF3;n - Cuentos infantiles dominicanos</subfield>
  </datafield>
  <datafield tag="653" ind1=" " ind2="7">
    <subfield code="a"> Literatura infantil dominicana</subfield>
  </datafield>
  <datafield tag="700" ind1="1" ind2="0">
    <subfield code="9">157632</subfield>
    <subfield code="a">Pache (Francisco Mart&#xED;nez)</subfield>
    <subfield code="e">ilustrador</subfield>
  </datafield>
  <datafield tag="700" ind1="1" ind2="0">
    <subfield code="9">48052</subfield>
    <subfield code="a">Mateo Feliz, Jos&#xE9; Manuel</subfield>
    <subfield code="e">revisi&#xF3;n</subfield>
  </datafield>
  <datafield tag="710" ind1="1" ind2="0">
    <subfield code="9">62101</subfield>
    <subfield code="a">Ministerio de Turismo</subfield>
    <subfield code="e">revisi&#xF3;n</subfield>
  </datafield>
  <datafield tag="710" ind1="1" ind2="0">
    <subfield code="a">Ministerio de Medio Ambiente y Recursos Naturales (MIMARENA)</subfield>
    <subfield code="e">revisi&#xF3;n</subfield>
    <subfield code="9">62102</subfield>
  </datafield>
  <datafield tag="710" ind1="1" ind2="0">
    <subfield code="a">Agencia de los Estados Unidos para el Desarrollo Internacional (USAID)</subfield>
    <subfield code="e">revisi&#xF3;n</subfield>
    <subfield code="9">40654</subfield>
  </datafield>
  <datafield tag="942" ind1=" " ind2=" ">
    <subfield code="2">ddc</subfield>
    <subfield code="c">BK-RES</subfield>
  </datafield>
  <datafield tag="999" ind1=" " ind2=" ">
    <subfield code="c">111344</subfield>
    <subfield code="d">111344</subfield>
  </datafield>
  <datafield tag="952" ind1=" " ind2=" ">
    <subfield code="0">0</subfield>
    <subfield code="1">0</subfield>
    <subfield code="2">ddc</subfield>
    <subfield code="7">1</subfield>
    <subfield code="8">FBIU</subfield>
    <subfield code="a">Principal</subfield>
    <subfield code="d">2023-07-28</subfield>
    <subfield code="l">0</subfield>
    <subfield code="o">FBIU-MTU CI P437evs</subfield>
    <subfield code="p">FBIU0689</subfield>
    <subfield code="r">2023-07-28 00:00:00</subfield>
    <subfield code="t">Ej. 1</subfield>
    <subfield code="w">2023-07-28</subfield>
    <subfield code="y">BK-RES</subfield>
  </datafield>
  <datafield tag="952" ind1=" " ind2=" ">
    <subfield code="0">0</subfield>
    <subfield code="1">0</subfield>
    <subfield code="2">ddc</subfield>
    <subfield code="7">1</subfield>
    <subfield code="8">FBIU</subfield>
    <subfield code="a">Principal</subfield>
    <subfield code="d">2025-03-31</subfield>
    <subfield code="l">0</subfield>
    <subfield code="o">FBIU-MTU CI P437evs</subfield>
    <subfield code="p">FBIU0862</subfield>
    <subfield code="r">2025-03-31 09:25:12</subfield>
    <subfield code="t">Ej.2</subfield>
    <subfield code="w">2025-03-31</subfield>
    <subfield code="y">BK-RES</subfield>
  </datafield>
</record>
